| 000 | 00752nam a2200217Ii 4500 | ||
|---|---|---|---|
| 003 | JO-AjNU | ||
| 008 | 230605s9999||||xx |||||||||||||| ||und|| | ||
| 017 | _a1984/1374 | ||
| 040 |
_aJO-AjNU _bara _erda _cJO-AjNU |
||
| 041 | _aara | ||
| 050 | 1 | 4 | _aPJ7832.A48.Z86 1984 |
| 100 | 3 |
_aتأليف عوض،ريتا, _eauthor _910662 |
|
| 245 | 0 | 0 | _aأعلام الشعر العربي الحديث: خليل حاوي |
| 250 | _aط2 | ||
| 264 | 3 | 1 | _aبيروت:المؤسسة العربية للدراسات والنشر،1984 |
| 300 | _a88ص | ||
| 336 |
_atext _btxt _2rdacontent |
||
| 337 |
_aunmediated _bn _2rdamedia |
||
| 338 |
_avolume _bnc _2rdacarrier |
||
| 650 | 4 |
_a الشعر العربي - الشعراء اللبنانيون - تراجم _910663 |
|
| 999 |
_aA1921 _c5489 _d5489 |
||